The future impact of automation on workers
Uloženo v:
| Hlavní autor: | |
|---|---|
| Médium: | Kniha |
| Jazyk: | Undetermined |
| Vydáno: |
New York
Oxford University Press
1986
|
| Témata: | |
| Tagy: |
Přidat tag
Žádné tagy, Buďte první, kdo otaguje tento záznam!
|
| Thư viện lưu trữ: | Trung tâm Học liệu Trường Đại học Cần Thơ |
|---|
| LEADER | 00607nam a2200205Ia 4500 | ||
|---|---|---|---|
| 001 | CTU_99081 | ||
| 008 | 210402s9999 xx 000 0 und d | ||
| 082 | |a 331.1 | ||
| 082 | |b L586 | ||
| 100 | |a Leontief, Wassily | ||
| 245 | 4 | |a The future impact of automation on workers | |
| 245 | 0 | |c Wassily Leontief | |
| 260 | |a New York | ||
| 260 | |b Oxford University Press | ||
| 260 | |c 1986 | ||
| 650 | |a Labor,Employment forecasting | ||
| 650 | |x Effect of technological innovations,Mathematical models | ||
| 650 | |z United states | ||
| 904 | |i Truc | ||
| 980 | |a Trung tâm Học liệu Trường Đại học Cần Thơ | ||